000 00938nam a2200253Ia 4500
003 GCL
008 140319s9999 xx 000 0 ara d
020 _a3008358977
040 _aGCL /
_cGCL
082 0 4 _a371.928
_bأ ر
100 1 _aاحلام رجب عبد الغفار
245 1 0 _aتربية المتخلفين عقليا :
_bالرعاية التربوية للصم والبكم وضعاف السمع /
_cاحلام رجب عبد الغفار
250 _aالاولى
260 _aالقاهرة :
_bدار الفجر للنشر والتوزيع ،
_c2003
300 _a160 ص ؛
_c24 سم
650 0 4 _aالخدمة الاجتماعية
650 0 4 _aالتخلف العقلى
650 0 4 _aالامراض العقلية
650 0 4 _aضعاف العقول
650 0 4 _aالعلاج الاجتماعى
650 0 4 _aالاعاقة
650 0 4 _aالاطفال المعوقون - تعليم
942 _2ddc
_cBK
999 _c5953
_d5953